00678nam a2200193Ia 4500003000400000005001700004008004100021020001800062040000900080082001900089100002600108245005900134250001200193260006400205300000900269942004400278952014700322999001500469OSt20220723131046.0190216s9999||||xx |||||||||||||| ||und|| a9790070402118 coclc a005.133bBAL/O aBalagurusamy, E93962 0aObject Oriented Programming With C++ /cE Balagurusamy a2nd Ed. bTata Mcgraw Hill Publishing Company Ltd,c2001.aNew Delhi: a533p cBK2ddch005.133iBAL/Ok005.133mBAL/O 00102ddc40708COMPUTER SCIENCEaMESbMEScCOMPd2019-02-20g450.00l0o005.133 BAL/Op31363r2019-02-20 00:00:00t3w2019-02-20yBKzGL30R5 c8746d8746